La religione in Etiopia / (Record n. 26594)

Dettagli MARC
000 -LEADER
fixed length control field 00784nam a2200241 i 4500
003 - CONTROL NUMBER IDENTIFIER
control field IT-RoINE
005 - DATE AND TIME OF LATEST TRANSACTION
control field 20190418100600.0
008 - FIXED-LENGTH DATA ELEMENTS--GENERAL INFORMATION
fixed length control field 000113s1936 it a||||r |||0|||ita d
040 ## - CATALOGING SOURCE
Original cataloging agency cubi
Transcribing agency IT-RoINE
Modifying agency IT-RoINE
041 #7 - LANGUAGE CODE
Language code of text/sound track or separate title ita
Source of code ISO-639-2
100 1# - MAIN ENTRY--PERSONAL NAME
Personal name Sottochiesa, Gino,
Dates associated with a name 1893-
9 (RLIN) 52504
245 13 - TITLE STATEMENT
Title La religione in Etiopia /
Statement of responsibility, etc Gino Sottochiesa.
260 ## - PUBLICATION, DISTRIBUTION, ETC. (IMPRINT)
Place of publication, distribution, etc Torino :
Name of publisher, distributor, etc Edizione dei Quaderni nazionali,
Date of publication, distribution, etc 1936.
300 ## - PHYSICAL DESCRIPTION
Extent 208 p., p. de lám. ;
Dimensions 22 cm.
336 ## - CONTENT TYPE
Source rdacontent
Content type term text
337 ## - MEDIA TYPE
Source rdamedia
Media type term unmediated
338 ## - CARRIER TYPE
Source rdacarrier
Carrier type term volume
490 1# - SERIES STATEMENT
Series statement Quaderni nazionali.
-- Serie III ;
Volume number/sequential designation 1
504 ## - BIBLIOGRAPHY, ETC. NOTE
Bibliography, etc Incluye bibliografía.
651 #4 - SUBJECT ADDED ENTRY--GEOGRAPHIC NAME
Geographic name Etiopía
General subdivision Historia eclesiástica
9 (RLIN) 52569
830 #0 - SERIES ADDED ENTRY--UNIFORM TITLE
Uniform title Quaderni nazionali.
Number of part/section of a work Serie III ;
Volume number/sequential designation 1
9 (RLIN) 52506
942 ## - ADDED ENTRY ELEMENTS (KOHA)
Item type Monografías
Dati di copia
Withdrawn status Lost status Damaged status Not for loan Home library Current library Date acquired Total Checkouts Full call number Barcode Date last seen Price effective from Koha item type
        Iglesia Nacional Española en Roma Iglesia Nacional Española en Roma 24/09/2018   HIS.ECL 512 52250 24/09/2018 24/09/2018 Monografías